Щраусите (Запис номер 108118)
[ съкратено ]
| 000 -Лидер | |
|---|---|
| Контролно поле с фиксирана дължина | 01229nam a2200337 c 4500 |
| 003 - Код на организацията, давaща контролен номер | |
| Контролно поле | BLK |
| 005 - Дата и час на последна редакция | |
| Контролно поле | 20220205153912.0 |
| 008 - Елементи от данни с фиксирана дължина | |
| fixed length control field | 180409b bul|||||r ||||||| ||bul|| |
| 010 ## - Наследен системен номер | |
| LC control number | KNG00113416000 |
| 040 ## - Източник на каталожния запис | |
| Идентификатор на билиотеката - собственик на записа | BLK |
| 041 ## - Код за език | |
| Код за езика на текст/звукозапис или на отделно заглавие | Български |
| Код за езика КДБФ | Български |
| 080 ## - УДК | |
| Текстов определител УДК | Други домашни птици - Пуйки, фазани, гълъби и др. |
| УДК код - определител по УДК | 636.59 |
| УДК определител | (035) |
| УДК - код + определител | 636.59(035) |
| 100 1# - Редна дума - Автор | |
| Автор | Маринов, Беро |
| Авторска отговорност | първи автор |
| Автор - информация (биография) | Радев, Беро Маринов |
| R(LIN) | 369273 |
| 139 ## - Редно поле | |
| Редна дума | Щраусите |
| Авторски знак | Щр - Щ 54 |
| 245 10 - Сведения за заглавието | |
| Заглавие | Щраусите |
| Подзаглавни данни | Нова територия за бизнес |
| Редно поле (дума) | Беро Маринов. |
| 257 ## - Страна на издаване | |
| Страна на създаване/издаване | България |
| 260 ## - Област на издателските данни | |
| -- | София |
| Име на издателя, разпространителя и проч. | Реклама прес |
| Година на издаване | 1998 |
| Печатница | София : ГорексПрес |
| 300 ## - Физическа характеристика | |
| Страници | 80 с. |
| Илюстрации и др. | с ил., 4 л. цв. ил. |
| Размери/Мащаб | 20 см |
| 380 ## - Жанр | |
| Жанр | Селско стопанство |
| 490 1# - СЕРИИ (Колекции) | |
| Име на серия | Библиотека Фермер |
| 490 1# - СЕРИИ (Колекции) | |
| -- | Подсерия |
| Име на серия | Птицевъдство |
| 650 #4 - Допълнително описание по предмет – тема | |
| Основно описание – тема или топоним | Щрауси - отглеждане |
| 9 (RLIN) | 177960 |
| 653 ## - Ключова дума – ненормативна | |
| Ключова дума | щрауси |
| 653 ## - Ключова дума – ненормативна | |
| Ключова дума | отглеждане |
| 653 ## - Ключова дума – ненормативна | |
| Ключова дума | хранене |
| 852 ## - Местоположение | |
| Форматна сигнатура | Цб 219815 |
| 856 4# - Електронен адрес и достъп | |
| Електронен формат | pdf - файл |
| Път до файла /url/ | |
| 856 4# - Електронен адрес и достъп | |
| Електронен формат | pdf - файл |
| Път до файла /url/ | |
| 942 ## - АРТИКУЛИ | |
| Вид на библиотечния материал | Книги |
| Скрит в OPAC | Не |
| Koha issues (borrowed), all copies | 1 |
| 944 ## - СЪЗДАВАНЕ И РЕДАКЦИЯ на ЗАПИСА | |
| Създаване/Редакция | Създаване |
| Дата на регистрацията/редакция | 04.06.2004 |
| Служител, извършил регистрацията/редакцията | Геновева_Генчева |
| 944 ## - СЪЗДАВАНЕ И РЕДАКЦИЯ на ЗАПИСА | |
| Създаване/Редакция | Редакция |
| Дата на регистрацията/редакция | 07.06.2004 |
| Служител, извършил регистрацията/редакцията | |
| 999 ## - СИСТЕМНИ КОНТРОЛНИ НОМЕРА | |
| Koha biblionumber | 108118 |
| Koha biblioitemnumber | 108118 |
| Код за отписване | Код за изгубен артикул | Код за повреда | Коз за рестрикции | Код за отдаване | Артикулен № | Име на библиотеката - собственик | Име на библиотеката, в която се намира в момента | Статус (Текущо местоположение) | Дата на вписване в системата | Местоположение - отдел | Цена в лева | Инвентарен номер | Систематично азбучна сигнатура | Баркод | Номер на екземпляра | Цена в евро | Служебна бележка | Служебен тип на артикула |
|---|---|---|---|---|---|---|---|---|---|---|---|---|---|---|---|---|---|---|
| Не е изгубен | Не е повреден | без рестрикции | ползва се в читалня | 174432 | Регионална библиотека "Любен Каравелов" Русе | Регионална библиотека "Любен Каравелов" Русе | Хранилище | 2004-06-04 | Основен фонд - ползва се само за читалня | 6.00 | 120000685964 | Цб 219815 | 120000685964 | 1 | 3.07 | Дост: Pk Вид: Ф N: 5 Дата: 02.06.2004 | Книги |